| 000 | 01189nam a22002537a 4500 | ||
|---|---|---|---|
| 005 | 20080730141023.0 | ||
| 008 | 080730t xxu||||| |||| 00| j hin d | ||
| 010 | _aHIN-83857 | ||
| 020 | _c300.00 | ||
| 035 | _aHN-56203 | ||
| 037 | _bDBAD / PUB | ||
| 040 |
_aDPL _bHN |
||
| 082 | _aक | ||
| 245 |
_aबेमिशाल मुकदमा / _cशारदा सिंह द्वारा सम्पादित |
||
| 246 |
_aBemishal mukadama _bedited by Sharada Singh |
||
| 260 |
_aदिल्ली _bबाल शिक्षा पुस्तक संस्थान _c2004 |
||
| 270 |
_a821/बी, गुरूराम दास नगर एक्सटेंशन गुरूद्वारा रोड, ल्क्षमी नगर _bदिल्ली _e110092 |
||
| 300 |
_a256पृ. _c22सेमी |
||
| 650 | _aहिन्दी कहानी | ||
| 650 | _aHindi Story | ||
| 700 | _aसिंह, शारदा | ||
| 942 |
_2ddc _cHN _hक _mबेमिशा |
||
| 999 |
_c14675 _d14675 |
||